Writers' France : a regional panorama /

Bibliographic Details
Main Author: Ardagh, John, 1928-2008
Other Authors: Magnus, Mayotte
Format: Book
Language:English
Published: London, England ; New York, N.Y., U.S.A. : H. Hamilton, 1989.
Subjects:

MARC

Tag First Indicator Second Indicator Subfields
LEADER 00000cam a2200000 a 4500
001 in00000976751
005 20150927113052.0
008 890608s1989 enka b 00110 eng
010 |a  89085021  
020 |a 0241123518 :  |c $29.95 
035 |a (OCoLC)23081054 
035 |9 AEW5736AM 
040 |a DLC  |c DLC  |d UtOrBLW 
043 |a e-fr--- 
049 |a TXAM 
050 0 0 |a PQ148  |b .A7 1989 
082 0 0 |a 840.9  |a B  |2 20 
100 1 |a Ardagh, John,  |d 1928-2008. 
245 1 0 |a Writers' France :  |b a regional panorama /  |c John Ardagh ; photographs by Mayotte Magnus. 
264 1 |a London, England ;  |a New York, N.Y., U.S.A. :  |b H. Hamilton,  |c 1989. 
300 |a 319 pages :  |b illustrations (some color) ;  |c 26 cm. 
336 |a text  |b txt  |2 rdacontent 
337 |a unmediated  |b n  |2 rdamedia 
338 |a volume  |b nc  |2 rdacarrier 
504 |a Includes bibliographical references (pages [309]-311) and index. 
650 0 |a Literary landmarks  |z France. 
650 0 |a Authors, French  |x Homes and haunts. 
651 0 |a France  |x Description and travel. 
650 0 |a France in literature. 
700 1 |a Magnus, Mayotte. 
999 |a MARS 
999 f f |s 32bc2988-ed67-3a4e-a7e0-1aed19dd6741  |i 10fe4d17-6927-3810-b5bc-1ca987d452d4  |t 0 
952 f f |p normal  |a Texas A&M University  |b College Station  |c Sterling C. Evans Library  |d Evans: Library Stacks  |t 0  |e PQ148 .A7 1989  |h Library of Congress classification  |i unmediated -- volume  |m A14814374989 
998 f f |a PQ148 .A7 1989  |t 0  |l Evans: Library Stacks